<?xml version="1.0" encoding="UTF-8"?>
<record
    xmlns:xsi="http://www.w3.org/2001/XMLSchema-instance"
    xsi:schemaLocation="http://www.loc.gov/MARC21/slim http://www.loc.gov/standards/marcxml/schema/MARC21slim.xsd"
    xmlns="http://www.loc.gov/MARC21/slim">

  <leader>01566nam a22001457a 4500</leader>
  <datafield tag="999" ind1=" " ind2=" ">
    <subfield code="c">530967</subfield>
    <subfield code="d">530967</subfield>
  </datafield>
  <controlfield tag="008">250722b           ||||| |||| 00| 0 eng d</controlfield>
  <datafield tag="100" ind1=" " ind2=" ">
    <subfield code="a">Leroy, Isabella </subfield>
    <subfield code="9">55516</subfield>
  </datafield>
  <datafield tag="245" ind1=" " ind2=" ">
    <subfield code="a">Migrant reception centres and coercive social control: Rule by legal uncertainty?</subfield>
  </datafield>
  <datafield tag="260" ind1=" " ind2=" ">
    <subfield code="a">Social &amp; Legal Studies  </subfield>
  </datafield>
  <datafield tag="300" ind1=" " ind2=" ">
    <subfield code="a">34(3), Jun, 2025: p.402-420</subfield>
  </datafield>
  <datafield tag="520" ind1=" " ind2=" ">
    <subfield code="a">Large-scale accommodation for refugees and migrants is often approached from a humanitarian angle, examining the reception conditions on the ground. However, scholars have long shown how such care-providing spaces are also sites of social control. A close examination of the legal framework of an accommodation centre for migrants in Spain, the CETI of Melilla, finds that beyond the content of the law, it is also necessary to examine the nature of the laws framing refugee camps to understand how social control is exerted. While hard law provides a vague legal basis, the reception centre is primarily governed by a patch-work of rapidly evolving soft law emanating primarily from the executive branch. Social control in the form of coercion is facilitated by the law, but not in the form of a strong punitive legal framework, as may be expected. Instead, an effective restriction of the rights of residents is enabled through legal uncertainty.-Reproduced 

https://journals.sagepub.com/doi/full/10.1177/09646639241228963
</subfield>
  </datafield>
  <datafield tag="650" ind1=" " ind2=" ">
    <subfield code="a">Migrant accommodation, Refugee camp, Social control, Legal informalism, Legal uncertainty, Discretion. </subfield>
    <subfield code="9">55517</subfield>
  </datafield>
  <datafield tag="773" ind1=" " ind2=" ">
    <subfield code="a">Social &amp; Legal Studies  </subfield>
  </datafield>
  <datafield tag="942" ind1=" " ind2=" ">
    <subfield code="c">AR</subfield>
  </datafield>
  <datafield tag="952" ind1=" " ind2=" ">
    <subfield code="0">0</subfield>
    <subfield code="1">0</subfield>
    <subfield code="2">ddc</subfield>
    <subfield code="4">0</subfield>
    <subfield code="7">0</subfield>
    <subfield code="9">406166</subfield>
    <subfield code="a">IIPA</subfield>
    <subfield code="b">IIPA</subfield>
    <subfield code="d">2025-07-22</subfield>
    <subfield code="h">34(3), Jun, 2025: p.402-420</subfield>
    <subfield code="p">AR136687</subfield>
    <subfield code="r">2025-07-22</subfield>
    <subfield code="y">AR</subfield>
  </datafield>
</record>
